[Event "BUL-chT2 58th"]
[Site "Borovetz"]
[Date "2008.10.02"]
[Round "2.4"]
[White "Dimitrov, Dejan"]
[Black "Polihronov, Angel"]
[Result "1-0"]
[WhiteElo "2046"]
[BlackElo "1792"]
[PlyCount "99"]
[EventDate "2008.10.01"]
[EventType "team-swiss"]
[EventRounds "7"]
[EventCountry "BUL"]
[SourceTitle "CBM 126 Extra"]
[Source "ChessBase"]
[SourceDate "2008.11.05"]
[SourceVersion "1"]
[SourceVersionDate "2008.11.05"]
[SourceQuality "1"]

1. d4 d5 2. Nf3 Nf6 3. c4 c6 4. Qc2 e6 5. Nbd2 Nbd7 6. g3 Bb4 7. a3 Bxd2+ 8. Bxd2 Ne4 9. Bc1 0-0 10. Bg2 b5 11. cxd5 cxd5 12. Qc6 Rb8 13. 0-0 Rb6 14. Qc2 Bb7 15. Nd2 Nxd2 16. Bxd2 Qf6 17. Qc7 Nb8 18. Rfc1 Na6 19. Qf4 Qxf4 20. Bxf4 Rc6 21. Rxc6 Bxc6 22. Rc1 Bb7 23. b4 Rd8 24. Bf1 f6 25. g4 Nb8 26. Bxb8 Rxb8 27. Rc7 a6 28. e3 Bc8 29. Bd3 e5 30. f3 exd4 31. exd4 Be6 32. Rc6 Bc8 33. Kf2 h6 34. Bg6 Bd7 35. Rxa6 Rc8 36. Rd6 Bc6 37. Bf5 Rc7 38. Be6+ Kf8 39. Bxd5 Bd7 40. Ra6 Be8 41. Be4 Bf7 42. d5 Rd7 43. d6 Bb3 44. Bg6 Rd8 45. Bf5 Bf7 46. Ke3 Ke8 47. Bd3 Rb8 48. Ra7 Kf8 49. Kd4 Bb3 50. Kc5 1-0